Statistics for NBA 2K20 Slowest Players

Click here to take the quiz!

General Stats

  • This quiz has been taken 64 times
  • The average score is 6 of 19

Answer Stats

Answer % Correct
Brook Lopez
96%
Robin Lopez
90%
Rudy Gobert
50%
Boban Marjanovic
50%
Ivica Zubac
40%
Pau Gasol
36%
Marc Gasol
36%
Domantas Sabonis
34%
Kelly Olynyk
30%
Alex Len
26%
Meyers Leonard
26%
Mitchell Robinson
24%
Gorgui Dieng
20%
Bismack Biyombo
20%
Aron Baynes
20%
Tyson Chandler
16%
Ersan Ilyasova
14%
Kyle O'Quinn
8%
Luke Kornet
6%

Score Distribution

Percentile by Number Answered

Percent of People with Each Score

Your Score History

You have not taken this quiz